01053nas a2200241 a 450000100060000000300080000600500170001400800410003103500190007204000350009104100080012608200260013411100510016024502020021126000490041330000270046250000180048965000550050765000670056294200120062999900170064195201530065849544BD-RjUL20211209054707.0160821s1977 nyuar i 0 |eng d a(BD-RjUL)49663 aBD-RjULbengcBD-RjULdBD-RjUL aeng 223a362.973bSOC 19772 aNational Conference on Social Welfare.914861414aThe social welfare forum, 1976 :bofficial proceedings, 103rd Annual Forum, National Conference on Social Welfare, Washington, D.C., June 13-June 17, 1976. /cNational Conference on Social Welfare. aNew York :bColumbia University Press,c1977 axiv, 271 p. ;c24 cm.  aInclude index 0aSocial servicezUnited StatesvCongresses.9148615 0aSocial work administrationzUnited StatesvCongresses.9148616 2ddccBK c49544d49544 00102ddc40708NFICaRUCLbRUCLcStackd1997-12-20eAligor Library, Rajshahig10.95l0o362.973 SOC 1977r2016-08-21 00:00:00tC-2w2016-08-21yBK